[Event "Europa ch Femenino 2013"]
[Site "Belgrado SER"]
[Date "2013.07.27"]
[Round "5.63"]
[White "Serefidou, Despina"]
[Black "Baraeva, Irina"]
[Result "0-1"]
[WhiteElo "1971"]
[BlackElo "2171"]
[PlyCount "114"]
[EventDate "2013.07.23"]
[EventType "swiss"]
[EventRounds "11"]
[EventCountry "SER"]
[Source "lmi"]
[SourceDate "2013.07.22"]

1. e4 e6 2. d4 d5 3. Nc3 Nf6 4. e5 Nfd7 5. f4 c5 6. Nf3 Nc6 7. Be3 cxd4 8. Nxd4
Bc5 9. Qd2 O-O 10. O-O-O a6 11. Nb3 Be7 12. h4 b5 13. h5 b4 14. Na4 Qc7 15. h6
g6 16. Qf2 Na5 17. Nbc5 Nxc5 18. Nxc5 Nb7 19. Nd3 a5 20. Bb6 Qc6 21. f5 exf5
22. Nf4 Be6 23. Be2 a4 24. Kb1 Rfc8 25. Bf3 Ra6 26. Nxd5 Bxd5 27. Rxd5 Rxb6 28.
Rd6 Qc4 29. Bd5 Nxd6 30. Bxc4 Nxc4 31. Re1 b3 32. cxb3 axb3 33. axb3 Rxb3 34.
Re2 Rcb8 35. Kc2 Rxb2+ 36. Kc3 Rxe2 37. Qxe2 Nb6 38. e6 Bf6+ 39. Kd2 Re8 40.
exf7+ Kxf7 41. Qb5 Nc8 42. Qc4+ Kf8 43. Qf4 Ne7 44. Kd3 Rd8+ 45. Ke2 Nd5 46.
Qc4 Bg5 47. Qc5+ Kf7 48. Qa7+ Ne7 49. Qa2+ Rd5 50. Qa8 Bxh6 51. Qh8 Rd2+ 52.
Kf3 Bg7 53. Qxh7 Nc6 54. Qh2 Ne5+ 55. Kg3 Rd3+ 56. Kf4 Ng4 57. Qg1 Bh6# 0-1

[Event "Europa ch Femenino 2013"]
[Site "Belgrado SER"]
[Date "2013.07.27"]
[Round "5.64"]
[White "Makka, Ioulia"]
[Black "Jacimovic, Sara"]
[Result "1-0"]
[WhiteElo "2171"]
[BlackElo "1971"]
[PlyCount "80"]
[EventDate "2013.07.23"]
[EventType "swiss"]
[EventRounds "11"]
[EventCountry "SER"]
[Source "lmi"]
[SourceDate "2013.07.22"]

1. e4 c5 2. Nf3 d6 3. d4 cxd4 4. Nxd4 Nf6 5. Nc3 g6 6. g3 Nc6 7. Nde2 Bg7 8.
Bg2 O-O 9. O-O Bd7 10. h3 Qc8 11. Kh2 Rb8 12. a4 a6 13. Nd5 Nxd5 14. exd5 Ne5
15. Ra2 Be8 16. b3 Nd7 17. Nd4 Nf6 18. Be3 Bd7 19. Re1 e5 20. dxe6 fxe6 21. Ne2
Qc7 22. Nf4 Kh8 23. a5 Rbe8 24. Bb6 Qb8 25. c4 e5 26. Nd5 Nxd5 27. Bxd5 Bc6 28.
Rd2 Bh6 29. Rde2 Qc8 30. Re4 Bd7 31. g4 Bf4+ 32. Kg2 h5 33. f3 Kg7 34. Be3 g5
35. b4 Rh8 36. c5 hxg4 37. fxg4 Rh6 38. Bxf4 gxf4 39. Qa1 Bxg4 40. Rxf4 Bxh3+
1-0

[Event "Europa ch Femenino 2013"]
[Site "Belgrado SER"]
[Date "2013.07.27"]
[Round "5.65"]
[White "Batyte, Daiva"]
[Black "Injac, Teodora"]
[Result "1-0"]
[WhiteElo "2161"]
[BlackElo "1713"]
[PlyCount "107"]
[EventDate "2013.07.23"]
[EventType "swiss"]
[EventRounds "11"]
[EventCountry "SER"]
[Source "lmi"]
[SourceDate "2013.07.22"]

1. c4 g6 2. g3 Bg7 3. Bg2 Nf6 4. Nf3 O-O 5. O-O Re8 6. d4 c6 7. Nc3 d6 8. e4
Nbd7 9. h3 e5 10. Be3 a6 11. a4 exd4 12. Nxd4 Nc5 13. f3 a5 14. Bf2 Qb6 15. b3
Nh5 16. Nce2 Nf6 17. Rb1 Nfd7 18. Kh2 Qc7 19. Qd2 Ne5 20. Rfd1 Bf8 21. Nf4 Bd7
22. Be3 Rad8 23. Qf2 Ra8 24. Kg1 Bg7 25. h4 h5 26. Nde2 Bf8 27. Nc1 Bc8 28. Rb2
Ra6 29. Rbd2 Ra8 30. Bd4 Ra6 31. Bf1 Ra8 32. Re1 Bh6 33. Be2 Qe7 34. Be3 Bf8
35. Red1 Qc7 36. Bd4 Qe7 37. Bc3 Qc7 38. Nfd3 Bh6 39. Nxe5 Nxe4 40. fxe4 Bxd2
41. Rxd2 dxe5 42. Nd3 Bh3 43. Kh2 Bc8 44. Nxe5 Qe7 45. Bd3 Be6 46. Qf4 Rec8 47.
Rf2 Rc7 48. Nf3 Rf8 49. Bf6 Qc5 50. Nd4 Kh7 51. Qxc7 Kg8 52. Qf4 Kh7 53. Nxe6
fxe6 54. e5 1-0

[Event "Europa ch Femenino 2013"]
[Site "Belgrado SER"]
[Date "2013.07.27"]
[Round "5.66"]
[White "Milanovic, Maja"]
[Black "Berke, Ana"]
[Result "0-1"]
[WhiteElo "1969"]
[BlackElo "2145"]
[PlyCount "86"]
[EventDate "2013.07.23"]
[EventType "swiss"]
[EventRounds "11"]
[EventCountry "SER"]
[Source "lmi"]
[SourceDate "2013.07.22"]

1. e4 c5 2. Nf3 d6 3. d4 cxd4 4. Nxd4 Nf6 5. Nc3 Nc6 6. Bg5 Bd7 7. Qd2 h6 8.
Bxf6 gxf6 9. O-O-O Rc8 10. Be2 Nxd4 11. Qxd4 Qa5 12. f4 Qc5 13. Qxc5 Rxc5 14.
Rhe1 h5 15. Kb1 h4 16. Nd5 Rg8 17. Bf3 Be6 18. Nb4 Bh6 19. f5 Bc4 20. b3 Bb5
21. c4 Bd7 22. Nd3 Rc7 23. Re2 e6 24. fxe6 fxe6 25. Nf2 Bf4 26. Ng4 Ke7 27. h3
Rgc8 28. a4 b6 29. Rf1 a6 30. Rd1 b5 31. axb5 axb5 32. cxb5 Bxb5 33. Ra2 Rb8
34. Rc2 Bc4 35. Rxc4 Rxc4 36. Ka2 Rcb4 37. Rd3 Rc8 38. Ka3 Rbb8 39. b4 Rc4 40.
Rb3 Bc1+ 41. Ka4 Bd2 42. Ka3 Bxb4+ 43. Kb2 Bc3+ 0-1

[Event "Europa ch Femenino 2013"]
[Site "Belgrado SER"]
[Date "2013.07.27"]
[Round "5.67"]
[White "Djukic, Sandra"]
[Black "Zivic, Radmila"]
[Result "0-1"]
[WhiteElo "2197"]
[BlackElo "2029"]
[PlyCount "120"]
[EventDate "2013.07.23"]
[EventType "swiss"]
[EventRounds "11"]
[EventCountry "SER"]
[Source "lmi"]
[SourceDate "2013.07.22"]

1. d4 Nf6 2. c4 e6 3. Nc3 Bb4 4. Bd2 b6 5. a3 Bxc3 6. Bxc3 Ne4 7. Qc2 Bb7 8.
Nf3 d6 9. g3 Nd7 10. Bg2 Nxc3 11. Qxc3 Nf6 12. O-O O-O 13. Rac1 Qe7 14. Rfd1
Rfd8 15. b4 c5 16. Qe3 Rac8 17. dxc5 dxc5 18. b5 Bxf3 19. Bxf3 Rxd1+ 20. Rxd1
Rd8 21. Rd3 Rxd3 22. Qxd3 Qd7 23. Qxd7 Nxd7 24. e3 Kf8 25. Kf1 Ke7 26. Ke1 f5
27. Kd2 g5 28. Be2 g4 29. e4 Kf6 30. Ke3 Ne5 31. exf5 exf5 32. Bf1 h5 33. Be2
Kg5 34. Bf1 Nf3 35. h3 Nd4 36. h4+ Kf6 37. Bd3 Ke5 38. Kd2 Nf3+ 39. Kc3 Ne1 40.
Bb1 Ng2 41. Bd3 Ne1 42. Bb1 Nf3 43. Bd3 Nd4 44. Kd2 Ne6 45. Kc3 Ng7 46. Bc2 Ne8
47. Kd3 Nd6 48. Bb1 f4 49. gxf4+ Kxf4 50. Ke2 Nxc4 51. Bg6 Nd6 52. Bxh5 Nxb5
53. Be8 Nxa3 54. h5 Kg5 55. Kd3 b5 56. Kc3 a6 57. Bf7 Nc4 58. Kc2 Nd6 59. Bg6
a5 60. Kd3 a4 0-1

[Event "Europa ch Femenino 2013"]
[Site "Belgrado SER"]
[Date "2013.07.27"]
[Round "5.68"]
[White "Folkova, Martina"]
[Black "Velikic, Adela"]
[Result "1-0"]
[WhiteElo "2189"]
[BlackElo "1992"]
[PlyCount "47"]
[EventDate "2013.07.23"]
[EventType "swiss"]
[EventRounds "11"]
[EventCountry "SER"]
[Source "lmi"]
[SourceDate "2013.07.22"]

1. e4 c5 2. Nf3 d6 3. d4 cxd4 4. Nxd4 Nf6 5. Nc3 Nc6 6. Be2 e5 7. Ndb5 a6 8.
Na3 b5 9. Nd5 Nxe4 10. Bf3 Bf5 11. Be3 Rc8 12. Bb6 Qd7 13. c4 Ne7 14. Ne3 Bg6
15. O-O Qb7 16. cxb5 axb5 17. Bxe4 Bxe4 18. Nxb5 Ng6 19. Nxd6+ Bxd6 20. Qxd6
Bc6 21. Ba5 Qb5 22. b4 Bd7 23. Rfd1 Qb7 24. Nd5 1-0

[Event "Europa ch Femenino 2013"]
[Site "Belgrado SER"]
[Date "2013.07.27"]
[Round "5.69"]
[White "Todorovic, Violeta"]
[Black "Panic, Anastasija"]
[Result "1-0"]
[WhiteElo "2117"]
[BlackElo "1948"]
[PlyCount "85"]
[EventDate "2013.07.23"]
[EventType "swiss"]
[EventRounds "11"]
[EventCountry "SER"]
[Source "lmi"]
[SourceDate "2013.07.22"]

1. Nf3 Nf6 2. c4 e6 3. g3 b6 4. Bg2 Bb7 5. d4 g6 6. O-O Bg7 7. Nc3 d5 8. Ne5
O-O 9. Qc2 a6 10. Rd1 Nbd7 11. Bg5 h6 12. Nxd7 Qxd7 13. Bf4 Qe7 14. Rac1 Rac8
15. cxd5 exd5 16. Bh3 Nd7 17. Qb3 Rfd8 18. Nxd5 Qe4 19. Bg2 Bxd5 20. Bxe4 Bxb3
21. axb3 c6 22. Bxc6 Nc5 23. dxc5 Rxd1+ 24. Rxd1 Rxc6 25. Rd8+ Kh7 26. Rd6 Rxc5
27. Rxb6 Bxb2 28. b4 Rb5 29. Rxb5 axb5 30. Kg2 Kg7 31. Kf3 Bc3 32. Bd6 Kf6 33.
Ke4 Ke6 34. Bc5 f5+ 35. Kd3 Bf6 36. e4 h5 37. f4 Bd8 38. h3 Bc7 39. Ke3 Bd8 40.
Kd4 Bf6+ 41. e5 Bd8 42. h4 Kd7 43. Kd5 1-0

[Event "Europa ch Femenino 2013"]
[Site "Belgrado SER"]
[Date "2013.07.27"]
[Round "5.70"]
[White "Bogumil, Tatiana"]
[Black "Gjergji, Rozana"]
[Result "1-0"]
[WhiteElo "2084"]
[BlackElo "1917"]
[PlyCount "87"]
[EventDate "2013.07.23"]
[EventType "swiss"]
[EventRounds "11"]
[EventCountry "SER"]
[Source "lmi"]
[SourceDate "2013.07.22"]

1. Nf3 d5 2. c4 e6 3. b3 Nf6 4. Bb2 Nbd7 5. g3 b6 6. Bg2 Bb7 7. O-O c5 8. e3
Rc8 9. Nc3 Bd6 10. cxd5 exd5 11. d4 O-O 12. Qc2 Ne4 13. dxc5 Ndxc5 14. Nd4 Nxc3
15. Qxc3 Ba6 16. Nb5 Ne6 17. Qd3 Rc5 18. a4 Nc7 19. Rfd1 Qd7 20. e4 Nxb5 21.
axb5 Bxb5 22. Qd4 f6 23. exd5 Be5 24. Qd2 Bxb2 25. Qxb2 Rfc8 26. Qd4 a5 27. h4
Qd6 28. Bh3 Bd7 29. Bxd7 Qxd7 30. d6 Rd8 31. Rd3 Qe6 32. Rad1 Rc6 33. Qf4 Qe5
34. Qd2 Kf7 35. b4 axb4 36. Qxb4 Qc5 37. Qb3+ Qc4 38. Qa3 Rd7 39. Rd4 Qc5 40.
Qb3+ Kf8 41. Qe6 Ra7 42. Re4 Qh5 43. g4 Qg6 44. h5 1-0

[Event "Europa ch Femenino 2013"]
[Site "Belgrado SER"]
[Date "2013.07.27"]
[Round "5.71"]
[White "Velickovski-Nejkovic, Maja"]
[Black "Olea, Liliana"]
[Result "0-1"]
[WhiteElo "2083"]
[BlackElo "1905"]
[PlyCount "82"]
[EventDate "2013.07.23"]
[EventType "swiss"]
[EventRounds "11"]
[EventCountry "SER"]
[Source "lmi"]
[SourceDate "2013.07.22"]

1. c4 c6 2. e4 d5 3. exd5 cxd5 4. d4 Nf6 5. Nc3 e6 6. Bg5 Be7 7. Nf3 Nc6 8. Bd3
dxc4 9. Bxc4 O-O 10. O-O Nd5 11. Nxd5 Bxg5 12. Nc3 Bf6 13. Ne2 Qb6 14. Qd3 Rd8
15. d5 exd5 16. Bb3 g6 17. Nf4 Bf5 18. Qd2 Be4 19. Rad1 d4 20. Qe2 Re8 21. Rfe1
Qc5 22. Nd2 Bf5 23. Qf3 Rxe1+ 24. Rxe1 Na5 25. Nd5 Bg5 26. Ne4 Bxe4 27. Qxe4
Nxb3 28. Qe5 Rd8 29. Nf6+ Bxf6 30. Qxf6 Qd6 31. Qxd6 Rxd6 32. axb3 Rb6 33. Rd1
Rxb3 34. Rd2 Kg7 35. Kf1 Kf6 36. Ke2 Ke5 37. Kd1 d3 38. Kc1 Kd4 39. Rd1 Rb5 40.
Rd2 Re5 41. Kd1 Ra5 0-1

[Event "Europa ch Femenino 2013"]
[Site "Belgrado SER"]
[Date "2013.07.27"]
[Round "5.72"]
[White "Kaplan, Ebru"]
[Black "Imeeva, Aisa"]
[Result "1-0"]
[WhiteElo "1885"]
[BlackElo "2079"]
[PlyCount "82"]
[EventDate "2013.07.23"]
[EventType "swiss"]
[EventRounds "11"]
[EventCountry "SER"]
[Source "lmi"]
[SourceDate "2013.07.22"]

1. e4 e5 2. Nf3 Nc6 3. Bb5 a6 4. Ba4 Nf6 5. O-O Be7 6. Re1 b5 7. Bb3 d6 8. c3
O-O 9. h3 Na5 10. Bc2 c5 11. d4 Qc7 12. Nbd2 cxd4 13. cxd4 Bb7 14. Nf1 Rfc8 15.
Bb1 Nc4 16. b3 Nb6 17. Bb2 Nbd7 18. Ng3 g6 19. Bd3 exd4 20. Nxd4 Bf8 21. Qd2
Bg7 22. Ndf5 gxf5 23. Nxf5 Qd8 24. Nxd6 Nc5 25. Nxc8 Nfxe4 26. Ne7+ Qxe7 27.
Bxg7 Kxg7 28. Bxe4 Nxe4 29. Qd4+ Qf6 30. Qxf6+ Kxf6 31. Rac1 Rg8 32. Rc7 Bd5
33. Rd7 Rxg2+ 34. Kxg2 Ke6 35. Ra7 Kf5 36. Kg1 Ng5 37. Re3 Kf4 38. Rxa6 Be6 39.
Rb6 Nxh3+ 40. Rxh3 Bxh3 41. Rxb5 Ke4 1-0

[Event "Europa ch Femenino 2013"]
[Site "Belgrado SER"]
[Date "2013.07.27"]
[Round "5.73"]
[White "Zarkovic, Mila"]
[Black "Martynkova, Olena"]
[Result "0-1"]
[WhiteElo "2070"]
[BlackElo "1851"]
[PlyCount "108"]
[EventDate "2013.07.23"]
[EventType "swiss"]
[EventRounds "11"]
[EventCountry "SER"]
[Source "lmi"]
[SourceDate "2013.07.22"]

1. e4 e5 2. Nf3 Nc6 3. Bb5 a6 4. Bxc6 dxc6 5. d4 exd4 6. Qxd4 Qxd4 7. Nxd4 Bd7
8. Nc3 O-O-O 9. Be3 Ne7 10. f3 f5 11. O-O-O h6 12. e5 g5 13. f4 gxf4 14. Bxf4
Ng6 15. g3 Bg7 16. Rhe1 c5 17. Nb3 b6 18. Nd5 Be6 19. c4 Rhe8 20. Re3 Bxd5 21.
cxd5 Nxe5 22. Kc2 Nc4 23. Re6 Rxe6 24. dxe6 Rxd1 25. Kxd1 Nxb2+ 26. Kc2 Nc4 27.
e7 Kd7 28. Bxc7 Kxe7 29. Kd3 Be5 30. Kxc4 Bxc7 31. Kd5 f4 32. gxf4 Bxf4 33. h3
Be3 34. a4 Kf6 35. Ke4 c4 36. Na1 Bc5 37. Kd5 c3 38. a5 Bf2 39. Kc4 b5+ 40. Kd5
Kg5 41. Kc6 b4 42. Kb7 Be3 43. Kxa6 b3 44. Nxb3 c2 45. Kb5 c1=Q 46. Nxc1 Bxc1
47. Kc4 Kh4 48. Kd3 Ba3 49. Kc4 Bd6 50. Kd5 Bh2 51. a6 Bg1 52. Ke4 Kxh3 53. Kf5
h5 54. Kf4 h4 0-1

[Event "Europa ch Femenino 2013"]
[Site "Belgrado SER"]
[Date "2013.07.27"]
[Round "5.74"]
[White "Visanescu, Daria-Ioana"]
[Black "Sarjanovic, Andjela"]
[Result "1-0"]
[WhiteElo "2061"]
[BlackElo "1655"]
[PlyCount "69"]
[EventDate "2013.07.23"]
[EventType "swiss"]
[EventRounds "11"]
[EventCountry "SER"]
[Source "lmi"]
[SourceDate "2013.07.22"]

1. e4 d5 2. exd5 Qxd5 3. Nc3 Qa5 4. d4 Bf5 5. Bc4 Nf6 6. Bd2 c6 7. Nd5 Qd8 8.
Nxf6+ exf6 9. Ne2 Bd6 10. O-O O-O 11. c3 Nd7 12. f4 Nb6 13. Bb3 c5 14. Ng3 Bd3
15. Rf3 c4 16. Bc2 Bxc2 17. Qxc2 Re8 18. Qf5 Qd7 19. Qh5 Bc7 20. Qh4 Nd5 21.
Nf1 Re4 22. Rh3 h6 23. Ng3 Ree8 24. Nh5 Ne7 25. Nxg7 Ng6 26. Nxe8 Rxe8 27. Qf2
Qf5 28. Re1 Rxe1+ 29. Qxe1 Bxf4 30. Bxf4 Qxf4 31. Rf3 Qg5 32. Qe3 Qh5 33. Rxf6
Kg7 34. Rf3 Qg4 35. Qe8 1-0

[Event "Europa ch Femenino 2013"]
[Site "Belgrado SER"]
[Date "2013.07.27"]
[Round "5.75"]
[White "Cemhan, Kardelen"]
[Black "Jankovic, Milanka"]
[Result "1-0"]
[WhiteElo "2052"]
[BlackElo "1619"]
[PlyCount "55"]
[EventDate "2013.07.23"]
[EventType "swiss"]
[EventRounds "11"]
[EventCountry "SER"]
[Source "lmi"]
[SourceDate "2013.07.22"]

1. e4 c5 2. Nf3 Nc6 3. d4 e6 4. d5 exd5 5. exd5 Nb8 6. d6 Qf6 7. Qe2+ Qe6 8.
Bf4 h6 9. Nc3 Qxe2+ 10. Bxe2 Nc6 11. Nd5 Kd8 12. O-O-O g5 13. Nxg5 Bg7 14.
Nxf7+ Ke8 15. Nxh8 Kf8 16. Ng6+ Kf7 17. Bh5 Ke6 18. Rhe1+ Ne5 19. Nxe5 Kxd6 20.
Nf6+ Kc7 21. Nc4+ Kc6 22. Nxg8 Bd4 23. Ne7+ Kb5 24. Nd6+ Ka6 25. Nexc8 b5 26.
Be2 Bxf2 27. Bxb5+ Ka5 28. Bd2# 1-0

[Event "Europa ch Femenino 2013"]
[Site "Belgrado SER"]
[Date "2013.07.27"]
[Round "5.76"]
[White "Ivekovic, Ivana"]
[Black "Utiatskaja, Irina"]
[Result "0-1"]
[WhiteElo "1858"]
[BlackElo "2047"]
[PlyCount "38"]
[EventDate "2013.07.23"]
[EventType "swiss"]
[EventRounds "11"]
[EventCountry "SER"]
[Source "lmi"]
[SourceDate "2013.07.22"]

1. d4 Nf6 2. Nf3 g6 3. Nbd2 d5 4. c4 c6 5. e3 Bg7 6. Bd3 O-O 7. O-O Nbd7 8. e4
dxe4 9. Nxe4 Nxe4 10. Bxe4 e5 11. dxe5 Nxe5 12. Nxe5 Bxe5 13. Qxd8 Rxd8 14. Rb1
Rd4 15. Re1 Bf6 16. Bh6 Be6 17. b3 Rad8 18. Bc1 Rxe4 19. Rf1 Re2 0-1

[Event "Europa ch Femenino 2013"]
[Site "Belgrado SER"]
[Date "2013.07.27"]
[Round "5.77"]
[White "Azimova, Karina"]
[Black "Nestorovic, Katarina"]
[Result "1-0"]
[WhiteElo "2037"]
[BlackElo "1484"]
[PlyCount "61"]
[EventDate "2013.07.23"]
[EventType "swiss"]
[EventRounds "11"]
[EventCountry "SER"]
[Source "lmi"]
[SourceDate "2013.07.22"]

1. e4 c5 2. Nf3 d6 3. g3 Nf6 4. d3 e6 5. Bg2 Be7 6. O-O O-O 7. Re1 Nc6 8. Nbd2
Qc7 9. Nf1 Bd7 10. c3 Rac8 11. Qe2 Rfd8 12. h4 b5 13. N1h2 b4 14. g4 Bf8 15. g5
Nh5 16. Ng4 e5 17. Nfh2 Be6 18. Nh6+ gxh6 19. Qxh5 hxg5 20. Bxg5 Be7 21. Ng4
Bxg4 22. Qxg4 Bxg5 23. Qxg5+ Kh8 24. Qf6+ Kg8 25. Re3 Ne7 26. Rg3+ Ng6 27. h5
bxc3 28. bxc3 Rb8 29. hxg6 hxg6 30. Rh3 Kf8 31. Rh8# 1-0

[Event "Europa ch Femenino 2013"]
[Site "Belgrado SER"]
[Date "2013.07.27"]
[Round "5.78"]
[White "Mahmutbegovic, Nadina"]
[Black "Kezele, Tamara"]
[Result "1/2-1/2"]
[WhiteElo "1800"]
[BlackElo "1994"]
[PlyCount "68"]
[EventDate "2013.07.23"]
[EventType "swiss"]
[EventRounds "11"]
[EventCountry "SER"]
[Source "lmi"]
[SourceDate "2013.07.22"]

1. e4 e6 2. d4 d5 3. exd5 exd5 4. Bd3 Nc6 5. Ne2 Bd6 6. c3 Nf6 7. h3 O-O 8. O-O
Be6 9. Bf4 Re8 10. Nd2 Nh5 11. Bxd6 Qxd6 12. Nf3 Nf4 13. Nxf4 Qxf4 14. Qd2 Qf6
15. Qg5 Qxg5 16. Nxg5 h6 17. Nxe6 Rxe6 18. Rfe1 Rae8 19. Kf1 Kf8 20. Rxe6 Rxe6
21. Re1 Ke7 22. Rxe6+ Kxe6 23. Ke2 Ne7 24. b3 Kd6 25. Ke3 b6 26. a4 c6 27. f3
f6 28. g3 Ke6 29. Bc2 Kd6 30. Bd3 Ke6 31. Bc2 Kd6 32. Bd3 Ke6 33. Bc2 Kd6 34.
Bd3 Ke6 1/2-1/2

[Event "Europa ch Femenino 2013"]
[Site "Belgrado SER"]
[Date "2013.07.27"]
[Round "5.79"]
[White "Korbovljanovic, Natasa"]
[Black "Khropova, Larisa"]
[Result "0-1"]
[WhiteElo "1877"]
[BlackElo "1987"]
[PlyCount "160"]
[EventDate "2013.07.23"]
[EventType "swiss"]
[EventRounds "11"]
[EventCountry "SER"]
[Source "lmi"]
[SourceDate "2013.07.22"]

1. e4 d5 2. exd5 Qxd5 3. d4 Nf6 4. Nc3 Qa5 5. Bc4 c6 6. Nf3 Bg4 7. O-O e6 8.
Re1 Bd6 9. h3 Bxf3 10. Qxf3 Qc7 11. Bg5 Nbd7 12. Ne4 Nxe4 13. Qxe4 O-O 14. Bd3
g6 15. h4 Rfe8 16. h5 Bf8 17. hxg6 hxg6 18. Re3 Bg7 19. Rh3 f5 20. Qh4 Kf7 21.
c3 Rh8 22. Qf4 Qxf4 23. Bxf4 Rxh3 24. gxh3 Bf6 25. Re1 Nb6 26. Be5 Nd5 27. Bc4
b5 28. Bf1 Rh8 29. Kh2 g5 30. Kg3 Rh4 31. Bg2 a5 32. Bxd5 cxd5 33. a3 a4 34. f3
Rh8 35. Bxf6 Kxf6 36. Rb1 f4+ 37. Kg2 Rc8 38. Re1 Rc6 39. Rh1 e5 40. dxe5+ Kxe5
41. Re1+ Kf5 42. Kf2 Rh6 43. Kg2 Rd6 44. Rd1 Rd8 45. Kf2 Ke5 46. Rg1 Kf5 47.
Rd1 Rd7 48. Rd4 Ke5 49. Rb4 Rb7 50. Rd4 Kd6 51. Rd1 Rh7 52. Kg2 Re7 53. Kf2 Kc5
54. Rg1 Re5 55. Re1 Rf5 56. Rd1 Rf8 57. Rg1 Rf5 58. Rd1 Kd6 59. Re1 Kc5 60. Rd1
Kc6 61. Re1 Kd6 62. Rd1 Kc5 63. Re1 Kc4 64. Rd1 Kb3 65. Rd2 Re5 66. Kf1 Ka2 67.
Kg2 Kb1 68. Rf2 Kc1 69. h4 gxh4 70. Kh3 Rg5 71. Kxh4 Rg3 72. Kh5 Kd1 73. b3 Ke1
74. Rb2 Rxf3 75. bxa4 bxa4 76. Kg4 Rxc3 77. Kxf4 d4 78. Rh2 Re3 79. Rh1+ Kd2
80. Rh8 d3 0-1

[Event "Europa ch Femenino 2013"]
[Site "Belgrado SER"]
[Date "2013.07.27"]
[Round "5.80"]
[White "Rakic, Teodora"]
[Black "Dizdarevic, Barbara"]
[Result "1-0"]
[WhiteElo "1862"]
[BlackElo "1981"]
[PlyCount "103"]
[EventDate "2013.07.23"]
[EventType "swiss"]
[EventRounds "11"]
[EventCountry "SER"]
[Source "lmi"]
[SourceDate "2013.07.22"]

1. d4 Nf6 2. c4 g6 3. Nc3 Bg7 4. e4 d6 5. h3 O-O 6. Be3 e5 7. d5 a5 8. Nge2 Na6
9. g4 c6 10. Ng3 cxd5 11. cxd5 Nc5 12. Qd2 a4 13. Be2 Bd7 14. f3 Rb8 15. Kf2 b5
16. Rag1 Kh8 17. h4 b4 18. Nd1 Qb6 19. Kg2 Bb5 20. h5 Ng8 21. hxg6 fxg6 22.
Rxh7+ Kxh7 23. Rh1+ Nh6 24. Bxb5 Qxb5 25. Bxh6 Rh8 26. Qg5 Kg8 27. Qxg6 Rxh6
28. Rxh6 Nd3 29. Nh5 Rb7 30. Qe6+ Rf7 31. Rg6 Nf4+ 32. Nxf4 exf4 33. Rg5 Qc5
34. Rf5 Qc7 35. Qe8+ Bf8 36. Qxf7+ Qxf7 37. Rxf7 Kxf7 38. Kf2 Bg7 39. Ke2 Kg6
40. b3 axb3 41. axb3 Kg5 42. Nf2 Be5 43. Nd3 Bc3 44. Kf1 Kh4 45. Kf2 Kg5 46.
Ke2 Kf6 47. Nxf4 Ke5 48. Ne6 Bb2 49. Kd2 Ba1 50. Kd3 Bc3 51. f4+ Kf6 52. g5+
1-0

[Event "Europa ch Femenino 2013"]
[Site "Belgrado SER"]
[Date "2013.07.27"]
[Round "5.81"]
[White "Oliveira, Maria Ines"]
[Black "Rudovic, Anja"]
[Result "1-0"]
[WhiteElo "1978"]
[BlackElo "1549"]
[PlyCount "51"]
[EventDate "2013.07.23"]
[EventType "swiss"]
[EventRounds "11"]
[EventCountry "SER"]
[Source "lmi"]
[SourceDate "2013.07.22"]

1. e4 c5 2. Nf3 Nf6 3. e5 Nd5 4. g3 Nc6 5. Bg2 g6 6. O-O Bg7 7. d4 cxd4 8. Nxd4
Bxe5 9. Nf3 Nf6 10. Nxe5 Nxe5 11. Bh6 Nfg4 12. Bf4 d6 13. h3 Nf6 14. Bh6 Qb6
15. Nc3 Qxb2 16. Qe1 Nfd7 17. f4 Qb6+ 18. Kh2 Nc6 19. Nd5 Qd8 20. Rf2 e6 21.
Bg5 Qa5 22. Qxa5 Nxa5 23. Nc7+ Kf8 24. Nxa8 a6 25. Rb1 Kg7 26. Nb6 1-0

[Event "Europa ch Femenino 2013"]
[Site "Belgrado SER"]
[Date "2013.07.27"]
[Round "5.82"]
[White "Nikolovska, Dragana"]
[Black "Paramentic, Mila"]
[Result "1/2-1/2"]
[WhiteElo "1848"]
[BlackElo "1936"]
[PlyCount "143"]
[EventDate "2013.07.23"]
[EventType "swiss"]
[EventRounds "11"]
[EventCountry "SER"]
[Source "lmi"]
[SourceDate "2013.07.22"]

1. e4 e5 2. Nc3 Nc6 3. Bc4 Nf6 4. d3 h6 5. f4 Bb4 6. Nge2 d6 7. a3 Ba5 8. b4
Bb6 9. Na4 O-O 10. Nxb6 axb6 11. c3 d5 12. exd5 Nxd5 13. O-O Bg4 14. Qe1 Bxe2
15. Qxe2 Nxc3 16. Qh5 b5 17. Bb3 Qxd3 18. Rf3 Qd4+ 19. Kh1 Ne4 20. Ra2 Rad8 21.
Be3 Qc3 22. Bg1 Qc1 23. fxe5 Ng5 24. Rg3 Nd4 25. Qd1 Qxd1 26. Bxd1 Nf5 27. Rxg5
hxg5 28. Bf3 c6 29. Bg4 g6 30. h3 Rfe8 31. Bb6 Rd5 32. Bc7 Re7 33. Bb8 Rd8 34.
Ba7 Rxe5 35. Bb6 Rd3 36. a4 Re1+ 37. Kh2 Ng3 38. Bg1 bxa4 39. Rxa4 Nf5 40. Bc5
Re8 41. Ra7 Rd7 42. Bf3 Red8 43. Bb6 Rc8 44. Bg4 Re8 45. Bf3 Re6 46. Bc5 Kg7
47. Bb6 Ne7 48. Bc5 Re1 49. Bf2 Rb1 50. Bc5 Nd5 51. Be4 Re1 52. Bf3 f6 53. b5
Nc7 54. bxc6 bxc6 55. Bb6 Ree7 56. Bxc6 Rd6 57. Bc5 Rde6 58. Bxe7 Rxe7 59. Rb7
f5 60. Bf3 Kf6 61. g4 f4 62. Kg2 Ne6 63. Rxe7 Kxe7 64. Be4 Kf6 65. Bb1 Nd4 66.
Be4 Ne2 67. Bd3 Nd4 68. Be4 Nb5 69. Bd3 Nc3 70. Bc2 Ne2 71. Bd3 Nd4 72. Be4
1/2-1/2

[Event "Europa ch Femenino 2013"]
[Site "Belgrado SER"]
[Date "2013.07.27"]
[Round "5.83"]
[White "Gurcan, Aytolun"]
[Black "Brankov, Kristina"]
[Result "1/2-1/2"]
[WhiteElo "1705"]
[BlackElo "1903"]
[PlyCount "46"]
[EventDate "2013.07.23"]
[EventType "swiss"]
[EventRounds "11"]
[EventCountry "SER"]
[Source "lmi"]
[SourceDate "2013.07.22"]

1. e4 c5 2. Nf3 d6 3. d4 cxd4 4. Nxd4 Nf6 5. Nc3 Bd7 6. f3 e5 7. Ndb5 Bc6 8.
Bg5 a6 9. Na3 b5 10. Bxf6 Qxf6 11. Nd5 Qd8 12. c4 Qa5+ 13. Kf2 b4 14. Nc2 Bxd5
15. Qxd5 Qc5+ 16. Ne3 Nc6 17. Bd3 Be7 18. Rhd1 O-O 19. Bf1 Rfd8 20. Bd3 Rf8 21.
Bf1 Rfd8 22. Bd3 Rf8 23. Bf1 Rfd8 1/2-1/2

[Event "Europa ch Femenino 2013"]
[Site "Belgrado SER"]
[Date "2013.07.27"]
[Round "5.84"]
[White "Pihajlic, Amalija"]
[Black "Sekulovic, Dusica"]
[Result "1/2-1/2"]
[WhiteElo "1882"]
[BlackElo "1805"]
[PlyCount "64"]
[EventDate "2013.07.23"]
[EventType "swiss"]
[EventRounds "11"]
[EventCountry "SER"]
[Source "lmi"]
[SourceDate "2013.07.22"]

1. e4 e6 2. d4 d5 3. exd5 exd5 4. Bd3 Bd6 5. Ne2 Ne7 6. O-O O-O 7. Bf4 Bxf4 8.
Nxf4 Bf5 9. c3 Bxd3 10. Nxd3 Nf5 11. Nd2 Nd6 12. Qf3 c6 13. Rfe1 Nd7 14. Re2
Nf6 15. Ne5 Qc7 16. Ng4 Nxg4 17. Qxg4 Rfe8 18. Rae1 Rxe2 19. Rxe2 Re8 20. Rxe8+
Nxe8 21. Qe2 Qd7 22. h3 Nf6 23. Qe5 Qe8 24. Qxe8+ Nxe8 25. Kf1 Kf8 26. Ke2 Ke7
27. Ke3 Nd6 28. Kf4 Kf6 29. Kg4 Kg6 30. Kf4 Kf6 31. Kg4 Kg6 32. Kf4 Kf6 1/2-1/2